LEADER 01136nam a2200265 i 4500 001 000000136604 003 CaOOAMICUS 005 20050330000000.0 008 050330s1982 it u000 u ita u 013 $a110322 040 $aSeMil$bita 100 1 $aBroch, Hermann <1886-1951>.$0(OLS)http://semarc/name/16768 240 14$aDie Verzauberung.$0(OLS)http://semarc/title/199594 245 10$aSortilegio :$bromanzo /$cHermann Broch ; introduzione di Italo Alighiero Chiusano ; traduzione dal tedesco di Eugenia Martinez. 260 $aMilano :$bRusconi,$c1982. 300 $a405 p. ;$c21 cm. 490 0 $aNarrativa Rusconi 700 1 $aMartinez, Eugenia.$0(OLS)http://semarc/name/55575 700 1 $aChiusano, Italo Alighiero,$d<1926-1995>.$0(OLS)http://semarc/name/2997 830 0$aNarrativa Rusconi.$0(OLS)http://semarc/title/7305 850 $aSeMil 852 $aSeMil$W1$xVenegono$y1$m1O VI 122$j90198$B90198$CSeMilBibl$Z2$F95090 $81 961 $aOmaggio: Poma mons. Gianfranco 996 $6245$aSortilegio :$bromanzo$9(OLS)http://semarc/title/199593 996 $6260$aMilano :$bRusconi$9(OLS)http://semarc/publisher/30258 LEADER 00781nam a2200205 i 4500 001 000000258135 003 CaOOAMICUS 005 20180416000000.0 008 180416s1808 it u000 u ita u 013 $a237043 026 $aRENO t.um i.e* diGu (3) 1808 (R) 040 $aSeMil$bita 245 10$aTomo 3. 300 $a184, 21, [1] p., [1] c. di tav. :$britr. calcogr. 773 0 $aRosmini, Carlo : de' <1758-1827>$tVita di Francesco Filelfo da Tolentino del cavaliere Carlo de' Rosmini roveretano tomo 1. [-3.].$dMilano : Presso Luigi Mussi, 1808.$g3$w()5185 850 $aSeMil 852 $aSeMil$W1$xVenegono$y1$m1O V 11 FA$j208481$B208481$CSeMilBibl$Z2$F222111 $8I 941 1 $a10 961 $aRecupero: Mantegazza 996 $6245$aTomo 3$9(OLS)http://semarc/title/53129